| 000 | 00765nam a2200217 i 4500 | ||
|---|---|---|---|
| 001 | 26900 | ||
| 003 | ES-MaACL | ||
| 005 | 20230906153524.0 | ||
| 007 | t| | ||
| 008 | 030113s1970 sp ||||1| spa d | ||
| 100 | 1 |
_aAscarelli, Tullio. _923535 |
|
| 245 | 1 | 0 |
_aTeoría de la concurrencia y de los bienes inmateriales / _cTullio Ascarelli ; traducción de E. Verdera y L. Suárez Llanos. |
| 260 |
_aBarcelona : _bBosch, _c[1970] |
||
| 300 |
_a816 p. ; _c25 cm. |
||
| 490 | 1 | _aPublicaciones del Real Colegio de España en Bolonia | |
| 700 | 1 |
_aVerdera, E. _9114021 |
|
| 700 | 1 |
_aSuárez-Llanos Gómez, Luis. _9108638 |
|
| 830 | 0 |
_aPublicaciones del Real Colegio de España en Bolonia _9229188 |
|
| 852 |
_aES-MaACL _jC-37839 _bR.72819 |
||
| 999 |
_c26900 _d26900 |
||